unscramble these words about videogames - Statistics

General Stats
  • This quiz has been taken 96 times
    93 since last reset
  • The average score is 11 of 23
Answer Stats
Hint Answer % Correct
bxox xbox
90%
mcrafetin minecraft
89%
nifoert fortnite
85%
lezda zelda
85%
5tag gta5
83%
bolxor roblox
80%
tatlebyorale battle royale
74%
lavraont valorant
70%
casr scar
63%
wchtit twitch
63%
stiotanlayp play station
62%
etsam steam
44%
koctrelagulee rocket league
43%
xaepgeledns apex legends
26%
sremat stream
23%
laclduytfo call of duty
17%
nedenma madden
17%
tlitdeworest tilted towers
17%
kedran ranked
12%
trolcnolre controller
11%
piecmages epic games
4%
bardodanousmek keyboard and mouse
2%
dlroethfoginrs lord of the rings
0%
No matching quizzes found
Score Distribution
Percent of People with Each Score
Percentile by Number Answered
Your Score History
You have not taken this quiz since the last reset